Hlavné nedostatky pri uplatňovaní manažérskych systémov
Pokračovanie článku z predchádzajúceho čísla o nedostatkoch pri uplatňovaní manažérskych systémov. Procesy súvisiace s internou komunikáciou. Nedostatky alebo nezhodné postupy, ktorých sa dopúšťajú manažmenty firiem, zamestnanci alebo organizátori tímových podujatí.
Saved in:
| Main Author: | |
|---|---|
| Format: | Book Chapter |
| Language: | Slovak |
| Subjects: | |
| Tags: |
No Tags, Be the first to tag this record!
|
MARC
| LEADER | 00000naa a2200000 4500 | ||
|---|---|---|---|
| 001 | 0200528 | ||
| 005 | 20231012072805.6 | ||
| 041 | 0 | |a slo | |
| 044 | |a SK | ||
| 245 | 1 | 0 | |a Hlavné nedostatky pri uplatňovaní manažérskych systémov |c Mikuláš Čollák |
| 520 | |a Pokračovanie článku z predchádzajúceho čísla o nedostatkoch pri uplatňovaní manažérskych systémov. Procesy súvisiace s internou komunikáciou. Nedostatky alebo nezhodné postupy, ktorých sa dopúšťajú manažmenty firiem, zamestnanci alebo organizátori tímových podujatí. | ||
| 610 | 2 | 0 | |a manažéri |
| 610 | 2 | 0 | |a komunikácia manažérska |
| 610 | 2 | 0 | |a komunikácia interná |
| 610 | 2 | 0 | |a porady pracovné |
| 610 | 2 | 0 | |a tímy pracovné |
| 610 | 2 | 0 | |a systémy informačné podnikové |
| 100 | 1 | |a Čollák, Mikuláš | |